Skoki Narciarskie - Zwycięzcy TCS (XXI wiek) - Statystyki

Ogólne statystyki
  • Ten quiz został rozwiązany 1 910 razy
    1 297 od ostatniego zresetowania
  • Średni wynik to 13 z 23
Statystyki odpowiedzi
Edycja Skoczek % Poprawnych
66. (2017/2018) Kamil Stoch
84%
49. (2000/2001) Adam Małysz
82%
68. (2019/2020) Dawid Kubacki
79%
65. (2016/2017) Kamil Stoch
79%
70. (2021/2022) Ryoyu Kobayashi
79%
67. (2018/2019) Ryoyu Kobayashi
78%
64. (2015/2016) Peter Prevc
72%
69. (2020/2021) Kamil Stoch
70%
63. (2014/2015) Stefan Kraft
61%
54. (2005/2006) Jakub Janda i Janne Ahonen
60%
53. (2004/2005) Janne Ahonen
59%
51. (2002/2003) Janne Ahonen
56%
50. (2001/2002) Sven Hannawald
51%
62. (2013/2014) Thomas Diethart
49%
61. (2012/2013 Gregor Schlierenzauer
48%
60. (2011/2012) Gregor Schlierenzauer
45%
56. (2007/2008) Janne Ahonen
45%
59. (2010/2011) Thomas Morgenstern
45%
55. (2006/2007) Anders Jacobsen
32%
58. (2009/2010) Andreas Kofler
31%
57. (2008/2009) Wolfgang Loitzl
31%
52. (2003/2004) Sigurd Pettersen
22%
48. (1999/2000) Andreas Widhoelzl
18%
Nie znaleziono quizów pasujących do podanych kryteriów
Rozkład punktacji
Procent ludzi z każdym wynikiem
Percentyl według liczby udzielonych odpowiedzi
Twoja historia wyników
Nie rozwiązałeś tego quizu od ostatniego zresetowania